[Event "SALUTAR XIX"]
[Site "http://www.queenalice.com/game.php?id=1248869"]
[Date "2014.1.16"]
[Round "-"]
[White "perucona"]
[Black "Aleajactaest"]
[Result "0-1"]
[WhiteElo "1462"]
[BlackElo "1416"]

1. e4 e5 2. d4 exd4 3. Qxd4 Nc6 4. Qd5 Nf6 5. Qd3 Qe7 6. Nc3 Nb4 7. Qe2 d5 8.
exd5 Qxe2+ 9. Kxe2 Nxc2 10. Rb1 Bf5 11. Nf3 Bc5 12. Be3 Bxe3 13. fxe3 Nd4+ 14.
Kd2 Nxf3+ 15. gxf3 Bxb1 16. Bb5+ Nd7 17. Rxb1 O-O-O 18. Rc1 Ne5 19. Ke2 a6 20.
Bd3 c6 21. dxc6 Nxc6 22. Rg1 g6 23. Rc1 Ne5 24. Rd1 Nc6 25. e4 Rhe8 26. Rc1 f5
27. Nd5 Rxd5 28. Bc4 Rde5 29. Ke3 fxe4 30. Kf2 exf3 31. Kxf3 Rf8+ 32. Kg3 Kd7
33. b3 b5 34. Bd3 Re3+ 35. Kg4 Rxd3 36. h3 Re8 37. h4 h6 38. h5 Re4# 0-1

[Event "FRANCIS III"]
[Site "http://www.queenalice.com/game.php?id=1255570"]
[Date "2014.2.11"]
[Round "-"]
[White "perucona"]
[Black "Aleajactaest"]
[Result "0-1"]
[WhiteElo "1444"]
[BlackElo "1434"]

1. e4 e5 2. d4 exd4 3. Qxd4 Nc6 4. Qd5 Nf6 5. Qd3 d6 6. Nf3 Qe7 7. Bg5 Qe6 8.
Bxf6 Qxf6 9. Nc3 Bg4 10. O-O-O Bxf3 11. Rg1 Bxd1 12. Qxd1 Qf4+ 13. Kb1 Qxf2 14.
Bb5 Qb6 15. Bxc6+ Qxc6 16. Rf1 Qd7 17. Re1 Be7 18. Qe2 O-O 19. Nd1 Bf6 20. c3
Rfe8 21. Qf3 Qc6 22. Rf1 Qxe4+ 23. Qxe4 Rxe4 24. Re1 Rxe1 25. Kc1 Rae8 26. b3
Bxc3 27. g3 R8e2 28. h3 Bb2+ 29. Kb1 Rxd1# 0-1

[Event "BELLA XI"]
[Site "http://www.queenalice.com/game.php?id=1258843"]
[Date "2014.2.22"]
[Round "-"]
[White "rogeriooliveira"]
[Black "Aleajactaest"]
[Result "0-1"]
[WhiteElo "1313"]
[BlackElo "1450"]

1. e4 d5 2. e5 Nc6 3. Nf3 Bg4 4. Nc3 Nxe5 5. Bb5+ c6 6. Ba4 Bxf3 7. gxf3 d4 8.
Ne4 e6 9. O-O Nxf3+ 10. Qxf3 Bd6 11. Re1 Qc7 12. d3 Bxh2+ 13. Kg2 Be5 14. Re2 h5
15. Bg5 f6 16. Bd2 Ne7 17. Rf1 O-O-O 18. c3 dxc3 19. bxc3 f5 20. Nc5 Qd6 21. Nb3
h4 22. Rh1 g5 23. Qe3 Ng6 24. Rhe1 Nf4+ 25. Kg1 h3 26. Kh1 Qd5+ 27. Kh2 Qg2# 0-1

[Event "CÁSSIO   XIV"]
[Site "http://www.queenalice.com/game.php?id=1260562"]
[Date "2014.2.27"]
[Round "-"]
[White "rogeriooliveira"]
[Black "Aleajactaest"]
[Result "1-0"]
[WhiteElo "1278"]
[BlackElo "1463"]

1. e4 e5 2. d4 exd4 3. Qxd4 Nc6 4. Qd5 Nf6 5. Qd3 Qe7 6. Nc3 Qe6 7. Bg5 Bb4 8.
Bxf6 Qxf6 9. f3 Qh4+ 10. g3 Qe7 11. O-O-O Ne5 12. Qe3 d6 13. Qd2 Be6 14. Bb5+
Bd7 15. Bxd7+ Qxd7 16. f4 Ng4 17. h3 Nf6 18. e5 dxe5 19. fxe5 Qxd2+ 20. Rxd2 O-O
21. exf6 g6 22. Nf3 Rae8 23. Rhd1 h6 24. a3 Bc5 25. Nb5 c6 26. Nxa7 Bxa7 27. Nd4
Rd8 28. Nf3 Be3 29. b3 Bxd2+ 30. Nxd2 Rfe8 31. c3 Re3 32. Nc4 Rxd1+ 33. Kxd1
Rxc3 34. Nd2 Rxg3 35. h4 Rg4 36. Nf3 Rf4 37. Ke2 Rxf6 38. Nd4 Rd6 39. Nc2 Re6+
40. Kf3 Rd6 41. Nb4 c5 42. Nc2 Rd3+ 43. Ke4 Rxb3 44. a4 Rc3 45. Ne3 Ra3 46. Nd5
Rxa4+ 47. Kd3 Rxh4 48. Kc3 Rd4 49. Ne3 1-0

[Event "Challenge"]
[Site "http://www.queenalice.com/game.php?id=1264583"]
[Date "2014.3.13"]
[Round "-"]
[White "jamesxirb"]
[Black "Aleajactaest"]
[Result "0-1"]
[WhiteElo "1463"]
[BlackElo "1379"]

1. e4 e5 2. d4 exd4 3. Qxd4 Nc6 4. Qd2 Nf6 5. Nc3 Bb4 6. f3 Ne5 7. a3 Ba5 8. b4
Bb6 9. Be2 Bxg1 10. Rxg1 d6 11. f4 Ned7 12. g4 h6 13. Qd4 g5 14. f5 b6 15. Rh1
Ne5 16. h4 Ke7 17. h5 Bb7 18. a4 Qd7 19. b5 c6 20. Ba3 c5 21. Qd2 Bxe4 22. Nxe4
Nxe4 23. Qe3 Nf6 24. Bf1 Rhe8 25. Bg2 Rac8 26. O-O-O Kf8 27. Qd4 cxd4 28. Rxd4
Qc7 29. Rd2 Nc4 30. Bxd6+ Nxd6 31. Rhd1 Qc3 32. Kb1 Nc4 33. Rd3 Qb2# 0-1

[Event "Challenge"]
[Site "http://www.queenalice.com/game.php?id=1264584"]
[Date "2014.3.13"]
[Round "-"]
[White "jamesxirb"]
[Black "Aleajactaest"]
[Result "0-1"]
[WhiteElo "1448"]
[BlackElo "1398"]

1. e4 d5 2. e5 e6 3. d4 c5 4. c4 Nc6 5. Nf3 cxd4 6. Nxd4 Bb4+ 7. Nc3 Qb6 8. Be3
Bxc3+ 9. bxc3 Nxd4 10. Rb1 Qc7 11. Qxd4 Ne7 12. c5 O-O 13. g4 Nc6 14. Qd1 Qxe5
15. Bd3 Qxc3+ 16. Kf1 Ne5 17. Rb3 Qa5 18. Qa1 Bd7 19. Qxe5 Bc6 20. Rb2 Rfe8 21.
Bd2 Qd8 22. Qh5 g6 23. Qh6 Qf6 24. Rb4 Qa1+ 25. Kg2 Qg7 26. Qh3 Rac8 27. Bh6 d4+
28. Kg3 Qe5+ 29. Bf4 Qxc5 30. Rc4 Qd5 31. Rhc1 f6 32. Rc5 Qf3+ 33. Kh4 Qxf4 34.
Rf1 Kg7 35. Rxc6 Rxc6 36. Bb5 Qh6+ 37. Kg3 Rc3+ 38. Kg2 Qxh3+ 39. Kh1 a6 40.
Bxe8 Qxf1# 0-1

[Event "JOAO III"]
[Site "http://www.queenalice.com/game.php?id=1266260"]
[Date "2014.3.19"]
[Round "-"]
[White "rogeriooliveira"]
[Black "Aleajactaest"]
[Result "1-0"]
[WhiteElo "1302"]
[BlackElo "1440"]

1. e4 e5 2. d4 exd4 3. Qxd4 Nc6 4. Qd5 Qe7 5. Nc3 Qe5 6. Qxe5+ Nxe5 7. Nf3 d6 8.
Nxe5 dxe5 9. Bb5+ c6 10. Be2 Bb4 11. Bd2 Be6 12. O-O O-O-O 13. Rad1 Nf6 14. Bf3
Rhe8 15. Rfe1 h6 16. a3 Bg4 17. Bxg4+ Nxg4 18. f3 Bxc3 19. bxc3 h5 20. fxg4 hxg4
21. g3 g6 22. Bg5 Rd7 23. Rxd7 Kxd7 24. Rd1+ Kc7 25. c4 b6 26. a4 a6 27. Rb1 Re6
28. Rd1 f6 29. Bd2 b5 30. cxb5 cxb5 31. axb5 axb5 32. Rb1 Kb6 33. Be3+ Ka5 34.
Bd2+ Ka6 35. c3 Rd6 36. Bh6 Rc6 37. Bd2 f5 38. exf5 gxf5 39. Rf1 Rf6 40. Rc1 Rd6
41. Bg5 Kb6 42. c4 Rd7 43. c5+ Kc6 44. Bf6 1-0

[Event "Challenge"]
[Site "http://www.queenalice.com/game.php?id=1291025"]
[Date "2014.6.28"]
[Round "-"]
[White "felipeborba"]
[Black "Aleajactaest"]
[Result "1-0"]
[WhiteElo "1445"]
[BlackElo "1461"]

1. e4 e5 2. Nf3 Nf6 3. Nc3 Bc5 4. Bc4 Bd4 5. d3 Ng4 6. Qe2 Bxc3+ 7. bxc3 d6 8.
Bg5 f6 9. Bh4 Nh6 10. O-O Bg4 11. d4 Nd7 12. Bb3 a5 13. Qc4 Bxf3 14. gxf3 c6 15.
f4 exd4 16. Qxd4 Nc5 17. Bc4 Qd7 18. f5 O-O-O 19. Rab1 Kc7 20. Be6 Nxe6 21. fxe6
Qxe6 22. Qb6+ Kd7 23. Qxb7+ Ke8 24. Qxc6+ Qd7 25. Qd5 a4 26. Rb7 Qg4+ 27. Bg3
Rf8 28. Kh1 Qc8 29. Rfb1 Qc5 30. Qe6# 1-0

[Event "Challenge"]
[Site "http://www.queenalice.com/game.php?id=1338259"]
[Date "2015.1.30"]
[Round "-"]
[White "mysticchess"]
[Black "Aleajactaest"]
[Result "1-0"]
[WhiteElo "1707"]
[BlackElo "1418"]

1. e4 e5 2. d3 Bc5 3. Nd2 Nf6 4. h3 Nc6 5. c3 d6 6. Ngf3 Qe7 7. Nb3 Bb6 8. Qc2
Be6 9. Be2 d5 10. Bd2 Rd8 11. O-O Qd7 12. Be3 1-0